000 00762nam a2200313Ia 4500
008 161027s9999||||xx |||||||||||||| ||und||
040 _cprakrut
082 _aX.B
082 _bBORI-5133
100 _aShree Dhaneshwar Muneeshwar
245 _aSurasundaree-Chariam
245 _bShree Raja Vijayaji
260 _aBanaras
260 _bPandit Hargovandas T. Sheth
260 _c1916
300 _a286
300 _b1
300 _cB
300 _eHardbound
530 _u00034373.pdf
563 _aText
600 _aShree Dhaneshwar Muneeshwar
630 _aSurasundaree-Chariam
650 _aBuddhism & Jainism
650 _aJainism
700 _aShree Dhaneshwar Muneeshwar
730 _aSurasundaree-Chariam
942 _cBOOK
999 _c1400547
_d1400544